000 00409 a2200133 4500
003 Nust
005 20170207154046.0
035 _a(SFX)1000000000255270
040 _cNust
082 _a297.16
245 1 4 _aThe Roman Eastern Frontier And The Persian Wars Ad 226-...(E-BOOK)
_h[Elektronisk resurs]
260 _aLondon :
_bRoutledge
_c1993
651 _aThe Roman Eastern Frontier And The Persian Wars Ad 226-...(E-BOOK)
942 _2ddc
_cBK
999 _c192878
_d192878